01073cam a2200289 a 4500001001000000003000900010005001700019008004100036035001900077040002300096049000900119082001800128100003900146245006700185260003900252300001900291490001500310500003400325504003800359505012500397651005600522830002100578910003400599942001400633952012100647999001500768000006511DO-SdBNP20251030133708.0761029s1975 ve b 000 0 spa  a(DLC) 76482881 aDO-SdBNPcDLCdDLC aBNGR a987.04bM188h1 aMagallanes, Manuel Vicente.91805910aHistoria política de Venezuela /cManuel Vicente Magallanes. aCaracas :bMonte Ávila,c[1975]. a3 v. ;c18 cm.1 aLetra viva aLa bibliteca posee el tomo 3. aBibliografía: v. 3, p. 171-176.0 a1. Luchas e insurrecciones. Partidos y facciones -- 2. Oligarquia y militarismo. Partidos tradicionales -- 3. Nepotismo. 4aVenezuela xPolítica y gobierno, 1810-1821926230 0aLetra viva95252 aCatalogación original noche 2ddccLBS1 001052708MOaGRbGRcCTd2009-08-31iLF1l0o987.04 M188hp6511-10r2020-06-25w2020-06-25y2ZPréstamo interno c6302d6302